Dimenze myšlení : Teorie rozmanitých inteligencí

Enregistré dans:
Détails bibliographiques
Auteur principal: Gardner, Howard (Auteur)
Autres auteurs: Votavová, Eva (Traducteur)
Format: Livre
Langue:tchèque
Publié: Praha : Portál, 1999
Édition:1.
Sujets:
Tags: Ajouter un tag
Pas de tags, Soyez le premier à ajouter un tag!

MARC

LEADER 00000nam a22000003a 4500
001 stu52182
005 20150617225706.5
008 000222s1999----xr------------------cze-d
020 |a 80-7178-279-3 
040 |a STU  |b slo 
041 0 |a cze 
044 |a xr 
080 |a 159.95 
100 1 |a Gardner, Howard  |4 aut 
245 1 |a Dimenze myšlení :  |b Teorie rozmanitých inteligencí 
250 |a 1. 
260 |a Praha :  |b Portál,  |c 1999 
300 |a 398 s 
650 7 |a inteligencia  |2 stusub 
650 7 |a psychológia  |2 stusub 
700 1 |a Votavová, Eva  |4 trl 
996 |b 284M000427  |c M*10465-1  |l MMKN  |s A  |a 24  |w stu52182_0001